Nghiên cứu khả năng ức chế ăn mòn thép CT3 của K2CrO4, (NH2)2CS và tổ hợp của chúng trong môi trường Cl, SO4

Tổng quan lý thuyết về ăn mòn và bảo vệ kim loại. Thiết bị và phương pháp nghiên cứu. Kết quả và thảo luận.

Đã lưu trong:
Sonraí Bibleagrafaíochta
Príomhúdar: Lê, Thế Hợi (Tác giả)
Údair Eile: Lê Tự Hải T.S (Hướng dẫn)
Formáid: Leabhar
Teanga:Vietnamese
Foilsithe: Đà Nẵng Đại học Đà Nẵng 2007
Ábhair:
Clibeanna: Cuir Clib Leis
Gan Chlibeanna, Bí ar an gcéad duine leis an taifead seo a chlibeáil!
Thư viện lưu trữ: Mạng thư viện Đại học Đà Nẵng
LEADER 01424nam a2200349 4500
001 000012087
003 8374
005 20120215140224.0
008 120215s2007 viesd
041 |a vie 
072 |a Khóa luận tốt nghiệp 
082 |a 620.17  |b LE-H 
100 |a Lê, Thế Hợi  |e Tác giả 
245 |a Nghiên cứu khả năng ức chế ăn mòn thép CT3 của K2CrO4, (NH2)2CS và tổ hợp của chúng trong môi trường Cl, SO4  |c Lê Thế Hợi 
260 |a Đà Nẵng  |b Đại học Đà Nẵng  |c 2007 
300 |a 42 tr.  |b Bảng, biểu  |c 29 cm 
500 |a Khóa luận tốt nghiệp khoa Hóa. 
520 |a Tổng quan lý thuyết về ăn mòn và bảo vệ kim loại. Thiết bị và phương pháp nghiên cứu. Kết quả và thảo luận. 
653 |a Nghiên cứu 
653 |a Ức chế ăn mòn thép 
653 |a Tổ hợp 
700 |a Lê Tự Hải  |c T.S  |e Hướng dẫn 
OWN |a LSP 
AVA |a UDN50  |b LSP  |d 620.17 LE-H  |e available  |t Error 5001 Not defined in file expand_doc_bib_avail.  |f 1  |g 0  |h N  |i 0  |k 1 
999 |a From the UDN01 
AVA |a UDN50  |b LSP  |d 620.17 LE-H  |e available  |t Error 5001 Not defined in file expand_doc_bib_avail.  |f 1  |g 0  |h N  |i 0  |k 1 
TYP |a Monograph 
TYP |a Printed language 
980 |a Mạng thư viện Đại học Đà Nẵng